banner-ar

The taste of Egypt : (Record no. 64132)

MARC details
000 -الفاتح
حقل البيانات ثابتة الطول 00855cam a22002417i 4500
005 - وقت وتاريخ اخر تعامل مع التسجيلة
رقم الضبط 20240530110716.0
008 - عناصر البيانات ثابتة الطول - معلومات عامة
حقل البيانات ثابتة الطول 161205s2016 ua a 001 0 eng d
017 ## - رقم الايداع القانونى
المصدر ( الهيئة المختصة) مصر. دار الكتب
020 ## - الرقم الدولى المعيارى للكتب
الرقم الدولى المعيارى للكتاب 9774167554
020 ## - الرقم الدولى المعيارى للكتب
الرقم الدولى المعيارى للكتاب 9789774167553
040 ## - مصدر الفهرسة
وكالة الفهرسة الأصلية YDXCP
لغة الفهرسة eng
وكالة النسخ YDXCP
قواعد الوصف rda
وكالة التعديل BDX
-- BTCTA
-- OCLCQ
-- CLE
-- YDX
-- OCLCF
-- MEAUC
-- DLC
082 04 - رقم تصنيف ديوى العشرى
رقم الطبعة 21
رقم التصنيف 641.5
رقم المادة CC\D T
100 0# - المدخل الرئيسى - إسم شخصى
الإسم الشخصى Dyna Eldaief
الدور author.
245 14 - بيان العنوان
العنوان The taste of Egypt :
بقية العنوان home cooking from the Middle East /
بيان المسئوليه,etc Dyna Eldaief.
300 ## - الوصف المادى
التعداد 182 pages :
تفاصيل ماديه اخرى للوعاء illustrations (chiefly color) ;
أبعاد الوعاء 27 cm
500 ## - تبصرة عامة
تبصرة عامة Includes index.
650 #0 - المدخل الاضافى بالموضوع-مصطلح موضوعى
مصطلح موضوعي Cooking, Egyptian.
مصدر الرأس أو المصطلح qrmak
650 #0 - المدخل الاضافى بالموضوع-مصطلح موضوعى
مصطلح موضوعي Cooking, Middle Eastern.
مصدر الرأس أو المصطلح qrmak
651 ## - المدخل الاضافى بالموضوع - اسم جغرافى
مصدر الرأس أو المصطلح qrmak
942 ## - عناصر المدخل الإضافي( كوها)
مصدر التصنيف او مخطط الترفيف Dewey Decimal Classification
Koha [default] item type كتاب
906 ## - عنصر بيانات محلى F, LDF (RLIN)
a 7
b cbc
c copycat
d 2
e ncip
f 20
g y-gencatlg
Holdings
حالة التراجع حالة الفقد حالة تلف ليس للاعارة المكان المؤقت الموقع الحالى موقع الترفيف تاريخ الاكتساب اجمالي اﻻعارات رقم الطلب الباركود تاريخ اخر مشاهدة تاريخ تفعيل السعر نوع وعاء كوها
        مكتبة القاهرة الكبرى مكتبة القاهرة الكبرى   02/25/2018   641.5 CC\D T 164271 02/25/2018 02/25/2018 كتاب

Powered By

EGPV